000 00289nam a2200109Ia 4500
008 200302s9999 xx 000 0 und d
100 _aG. M. Crook
245 _aInstitution of Civil Engineers Airports and Automation
260 _bThames and Hudson Ltd.
260 _c1992
300 _a136 P.,
999 _c1911
_d1911